Have you seen my duckling? / (Record no. 5865)

MARC details
000 -LEADER
fixed length control field 00959cam a2200325 a 4500
001 - CONTROL NUMBER
control field 5865
003 - CONTROL NUMBER IDENTIFIER
control field FISKH
005 - DATE AND TIME OF LATEST TRANSACTION
control field 20250827090855.0
008 - FIXED-LENGTH DATA ELEMENTS--GENERAL INFORMATION
fixed length control field 830801s1984 nyua j 000 1 eng
010 ## - LIBRARY OF CONGRESS CONTROL NUMBER
LC control number 83017196
020 ## - INTERNATIONAL STANDARD BOOK NUMBER
International Standard Book Number 0688027970
020 ## - INTERNATIONAL STANDARD BOOK NUMBER
International Standard Book Number 0688027989 (lib. bdg.)
040 ## - CATALOGING SOURCE
Original cataloging agency DLC
Transcribing agency DLC
Modifying agency DLC
Language of cataloging eng
050 ## - LIBRARY OF CONGRESS CALL NUMBER
Classification number PZ7.T117
082 ## - DEWEY DECIMAL CLASSIFICATION NUMBER
Classification number 813.54
100 1# - MAIN ENTRY--PERSONAL NAME
Personal name Tafuri, Nancy.
245 10 - TITLE STATEMENT
Title Have you seen my duckling? /
Statement of responsibility, etc. Nancy Tafuri.
260 ## - PUBLICATION, DISTRIBUTION, ETC.
Place of publication, distribution, etc. New York :
Name of publisher, distributor, etc. Scholastic,
Date of publication, distribution, etc. 1984.
300 ## - PHYSICAL DESCRIPTION
Extent 25 unnumbered pages :
Other physical details color illustrations ;
Dimensions 21 x 26 cm.
505 ## - FORMATTED CONTENTS NOTE
Formatted contents note aa<br/>
520 ## - SUMMARY, ETC.
Summary, etc. A mother duck leads her brood around the pond as she searches for one missing duckling.
521 8# - TARGET AUDIENCE NOTE
Target audience note 20<br/>
Source Lexile<br/>
521 8# - TARGET AUDIENCE NOTE
Target audience note aa<br/>
Source Raz-Plus<br/>
650 #1 - SUBJECT ADDED ENTRY--TOPICAL TERM
Topical term or geographic name entry element Lost children
General subdivision Fiction.
650 #1 - SUBJECT ADDED ENTRY--TOPICAL TERM
Topical term or geographic name entry element Ducks
General subdivision Fiction.
650 #1 - SUBJECT ADDED ENTRY--TOPICAL TERM
Topical term or geographic name entry element Ponds
General subdivision Fiction.
906 ## - LOCAL DATA ELEMENT F, LDF (RLIN)
a 7
b cbc
c orignew
d 1
e ocip
f 19
g y-gencatlg
942 ## - ADDED ENTRY ELEMENTS (KOHA)
Source of classification or shelving scheme Dewey Decimal Classification
Koha item type Books
Suppress in OPAC No
Holdings
Withdrawn status Lost status Source of classification or shelving scheme Damaged status Not for loan Collection Home library Current library Shelving location Date acquired Total Checkouts Full call number Barcode Date last seen Date last checked out Price effective from Koha item type Copy number
    Dewey Decimal Classification     Juvenile Fiction Footprints International School Library Network Toul Kork Campus Footprints International School Library Network Toul Kork Campus TK Primary Library Room(4th Floor), Bookcase 7, Shelves 57-60, Dark Green Books 01/27/2025 1 TAF 813.54 PZ7.T117 FISTK02222 02/24/2026 02/10/2026 01/27/2025 Books  
    Dewey Decimal Classification     Juvenile Fiction Footprints International School Library Network Toul Tom Poung Campus Footprints International School Library Network Toul Tom Poung Campus TTP Primary Green Bookshelves 08/27/2025   TAF 813.54 PZ7.T117 FIS01836 08/27/2025   08/27/2025 Books 2